| 000 | 00762nam a2200265Ia 4500 | ||
|---|---|---|---|
| 003 | OSt | ||
| 005 | 20221006160130.0 | ||
| 006 | a|||||r|||| 00| 0 | ||
| 007 | ta | ||
| 008 | 221006b |||||||| |||| 00| 0 kor d | ||
| 020 |
_a9781565913004 _cW9000 |
||
| 024 | _a44,391 | ||
| 037 |
_bGift, KCC (Window on Korea) _cTextual |
||
| 040 |
_aEASL _cEASL _bkor |
||
| 041 |
_2kor _akor |
||
| 082 | _aP494,3, P4 | ||
| 100 |
_aLEE Tongku _9672036 |
||
| 245 | 0 | _aYes,you can learn korean language structure in 40minutes | |
| 260 |
_aSeoul _bHollym _c2004 |
||
| 300 |
_a120p. _ccm. |
||
| 650 | _a KL | ||
| 650 |
_aKorean dictionary _9672037 |
||
| 942 |
_hP494,3, P4 _cTEXL _2CC |
||
| 999 |
_c1112483 _d1112483 |
||